000 00432nmm a2200145Ia 4500
008 251105s9999||||xx |||||||||||||||||und||
041 _aspa
100 _aAventín Puig, Mercè
245 0 _aLa Cataluña feudal
264 _a[Madrid, España] :
_bUniversitat Oberta de Catalunya,
_c2016
300 _a80 páginas
650 _aHistory of Europe: Spain
856 _uhttps://public.digitaliapublishing.com/a/43965
942 _cCF
999 _c106256
_d106256